Statistics for OWGR Golf Top 100 ( End of 2015 )

Click here to take the quiz!

General Stats

  • This quiz has been taken 3 times
  • The average score is 45 of 100

Answer Stats

RankNationBest Win ( Prior to 2016 )Player% Correct
#12Australia2013 Masters TournamentAdam Scott
100%
#14South Africa2012 Alfred Dunhill Links ChampionshipBranden Grace
100%
#4United States2014 Masters TournamentBubba Watson
100%
#35South Africa2011 Masters TournamentCharl Schwartzel
100%
#8United States2015 WGC-Cadillac ChampionshipDustin Johnson
100%
#32Argentina2015 Frys.com OpenEmiliano Grillo
100%
#57Northern Ireland2010 US OpenGraeme McDowell
100%
#5Sweden2009 The Players ChampionshipHenrik Stenson
100%
#15Japan2014 The Memorial Tournament presented by
Nationwide Insurance
Hideki Matsuyama
100%
#2Australia2015 PGA ChampionshipJason Day
100%
#9United States2003 US OpenJim Furyk
100%
#1United States2015 Masters TournamentJordan Spieth
100%
#7England2013 US OpenJustin Rose
100%
#37United States2015 CIMB ClassicJustin Thomas
100%
#60South Korea2010 Japan Open Golf ChampionshipK.T. Kim
100%
#18South Africa2010 The Open ChampionshipLouis Oosthuizen
100%
#77England2011 WGC-Accenture Match Play ChampionshipLuke Donald
100%
#26Australia2012 Travelers ChampionshipMarc Leishman
100%
#27Germany2014 US OpenMartin Kaymer
100%
#20United States2012 The Players ChampionshipMatt Kuchar
100%
#6United States2015 The Players ChampionshipRickie Fowler
100%
#3Northern Ireland2014 The Open ChampionshipRory McIlroy
100%
#11Spain2008 The Players ChampionshipSergio Garcia
100%
#78England2013 Johnnie Walker Championship at GleneaglesTommy Fleetwood
100%
#33France2013 Turkish Airlines OpenVictor Dubuisson
100%
#13United States2007 Masters TournamentZach Johnson
100%
#41United States2014 BMW ChampionshipBilly Horschel
67%
#29South Korea2015 BMW PGA ChampionshipByeong Hun An
67%
#51United States2014 Deutsche Bank ChampionshipChris Kirk
67%
#44England2013 Commercial Bank Qatar MastersChris Wood
67%
#47New Zealand2015 The Greenbrier ClassicDanny Lee
67%
#19England2014 Nedbank Golf ChallengeDanny Willett
67%
#55Sweden2015 The Memorial Tournament presented by
Nationwide
David Lingmerth
67%
#56England2010 WGC-Accenture Match Play ChampionshipIan Poulter
67%
#46Wales2013 Abu Dhabi HSBC Golf ChampionshipJamie Donaldson
67%
#24United States2008 FBR OpenJ.B. Holmes
67%
#50England2009 Dubai World ChampionshipLee Westwood
67%
#54Australia2014 Shell Houston OpenMatt Jones
67%
#22England2009 BMW PGA ChampionshipPaul Casey
67%
#34United States2010 Masters TournamentPhil Mickelson
67%
#21Ireland2015 WGC-Bridgestone InvitationalShane Lowry
67%
#76Denmark2015 Alfred Dunhill Links ChampionshipThorbjorn Olesen
67%
#36England2015 The South African Open Championship
hosted by The City of Ekurhuleni
Andy Sullivan
33%
#40India2015 Maybank Malaysian OpenAnirban Lahiri
33%
#49United States2012 Tour Championship by Coca-ColaBrandt Snedeker
33%
#16United States2015 WM Phoenix OpenBrooks Koepka
33%
#93Australia2015 US Open ( No win, 4th )Cameron Smith
33%
#69United States2014 The Barclays ( No win, 2nd )Cameron Tringale
33%
#52United States2010 Deutsche Bank ChampionshipCharley Hoffman
33%
#66Italy2010 WGC-HSBC ChampionsFrancesco Molinari
33%
#63United States2011 Transitions ChampionshipGary Woodland
33%
#68United States2012 WGC-Accenture Match Play ChampionshipHunter Mahan
33%
#91England2015 Open de EspanaJames Morrison
33%
#25United States2015 Valero Texas OpenJimmy Walker
33%
#85Netherlands2014 ISPS Handa Wales OpenJoost Luiten
33%
#70United States2011 PGA ChampionshipKeegan Bradley
33%
#38Thailand2013 Maybank Malaysian OpenKiradech Aphibarnrat
33%
#43England2015 British Masters supported by Sky SportsMatt Fitzpatrick
33%
#90Spain2008 BMW PGA ChampionshipMiguel Angel Jimenez
33%
#10United States2014 WGC-Cadillac ChampionshipPatrick Reed
33%
#39United States2012 Mylan Classic ( KFT )Robert Streb
33%
#64United States2014 The Honda ClassicRussell Henley
33%
#30Scotland2015 WGC-HSBC ChampionsRussell Knox
33%
#62United States2013 CIMB ClassicRyan Moore
33%
#28Thailand2014 Nordea MastersThongchai Jaidee
33%
#87United States2014 Stonebrae Classic ( KFT )Tony Finau
33%
#74United States2012 US OpenWebb Simpson
33%
#97France2014 Volvo China OpenAlexander Levy
0%
#96Sweden2009 Omega European MastersAlex Noren
0%
#84United States2014 Shriners Hospitals for Children OpenBen Martin
0%
#31Austria2015 Alstom Open de FranceBernd Wiesberger
0%
#42United States2012 Northern Trust OpenBill Haas
0%
#81United States2011 Valero Texas OpenBrendan Steele
0%
#80United States2014 HP Byron Nelson ChampionshipBrendon Todd
0%
#53United States2015 BMW Championship ( No win, 2nd )Daniel Berger
0%
#99United States2007 Nationwide Children's Hospital Invitational ( KFT )Daniel Summerhays
0%
#98England2006 BMW ChampionshipDavid Howell
0%
#89South Africa2014 Joburg OpenGeorge Coetzee
0%
#67South Africa2013 Dimension Data Pro-AmJaco Van Zyl
0%
#61United States2010 Zurich Classic of New OrleansJason Bohn
0%
#79Australia2014 Valspar ChampionshipJohn Senden
0%
#17United States2015 The RSM ClassicKevin Kisner
0%
#23United States2011 Justin Timberlake Shriners Hospitals for
Children Open
Kevin Na
0%
#65Sweden2015 BMW MastersKristoffer Broberg
0%
#71Scotland2014 Made in DenmarkMarc Warren
0%
#94United States2015 Pacific Rubiales Colombia Championship
presented by Claro ( KFT )
Patrick Rodgers
0%
#73United States2015 Utah Championship presented
by Zions Bank ( KFT )
Patton Kizzire
0%
#100Thailand2008 Dunlop Phoenix TournamentPrayad Marksaeng
0%
#83Portugal2015 NBO Golf Classic Grand FinalRicardo Gouveia
0%
#82England2009 Volvo World Match Play ChampionshipRoss Fisher
0%
#58United States2004 Funai ClassicRyan Palmer
0%
#48United States2012 RBC Canadian OpenScott Piercy
0%
#59Japan2000 Dunlop PhoenixShingo Katayama
0%
#75United States2015 Shriners Hospitals for Children OpenSmylie Kaufman
0%
#45Denmark2008 Volvo MastersSoren Kjeldsen
0%
#72Australia2015 AT&T Byron NelsonSteven Bowditch
0%
#88Belgium2015 D+D Real Czech MastersThomas Pieters
0%
#95Japan2013 Toshin Golf TournamentYoshinori Fujimoto
0%
#92Japan2015 Dunlop PhoenixYusaka Miyazato
0%
#86Japan2014 Japan OpenYuta Ikeda
0%

Score Distribution

Percentile by Number Answered

Percent of People with Each Score

Your Score History

You have not taken this quiz